[Event "Mittelfranken-chTB2a 1415"]
[Site "Mittelfranken"]
[Date "2014.10.12"]
[Round "2.2"]
[White "Lutz, Astrid"]
[Black "Mueller, Maximilian"]
[Result "0-1"]
[WhiteElo "1770"]
[BlackElo "1833"]
[PlyCount "86"]
[EventDate "2014.09.28"]
[EventType "team-tourn"]
[EventRounds "9"]
[EventCountry "GER"]
[SourceTitle "EXT 2020"]
[Source "ChessBase"]
[SourceDate "2019.10.17"]
[SourceVersion "1"]
[SourceVersionDate "2019.10.17"]
[SourceQuality "1"]
[WhiteTeam "Bechhofen II"]
[BlackTeam "Buechenbach/Roth II"]
[WhiteTeamCountry "GER"]
[BlackTeamCountry "GER"]

1. c4 e5 2. Nc3 Nf6 3. g3 d5 4. cxd5 Nxd5 5. Bg2 c6 6. a3 Be6 7. Qc2 Nd7 8. Nf3 Be7 9. 0-0 0-0 10. d4 Nxc3 11. bxc3 exd4 12. cxd4 Rc8 13. e4 Nf6 14. h3 b5 15. Be3 a5 16. Ne5 Qd6 17. Rfc1 c5 18. Nxf7 Bxf7 19. dxc5 Qe6 20. f4 Rfd8 21. Rab1 Qc4 22. e5 Qxc2 23. Rxc2 Nd5 24. Bxd5 Rxd5 25. Rxb5 Rd3 26. Kf2 Rxa3 27. Rb7 Kf8 28. f5 Bd5 29. Rb6 Be4 30. Rc4 Bd3 31. Rc1 Bxf5 32. c6 Ra2+ 33. Kf3 Rc2 34. g4 Bg6 35. e6 Rxc1 36. Bxc1 Be8 37. Bd2 Bxc6+ 38. Kf4 Bd6+ 39. Kf5 a4 40. Ra6 Bc5 41. Bg5 Bd6 42. Ra7 Rc7 43. e7+ Kf7 0-1

[Event "Mittelfranken-chTB2a 1415"]
[Site "Mittelfranken"]
[Date "2014.09.28"]
[Round "1.3"]
[White "Lutz, Astrid"]
[Black "Pikal, Alexander"]
[Result "0-1"]
[WhiteElo "1770"]
[BlackElo "1921"]
[PlyCount "76"]
[EventDate "2014.09.28"]
[EventType "team-tourn"]
[EventRounds "9"]
[EventCountry "GER"]
[SourceTitle "EXT 2020"]
[Source "ChessBase"]
[SourceDate "2019.10.17"]
[SourceVersion "1"]
[SourceVersionDate "2019.10.17"]
[SourceQuality "1"]
[WhiteTeam "Bechhofen II"]
[BlackTeam "Bad Windsheim/Ansbach"]
[WhiteTeamCountry "GER"]
[BlackTeamCountry "GER"]

1. c4 d6 2. Nc3 g6 3. g3 Bg7 4. Bg2 Nf6 5. e3 0-0 6. Nge2 c6 7. e4 Bg4 8. h3 Be6 9. d3 Na6 10. 0-0 Qc8 11. Kh2 Rd8 12. Be3 Nc5 13. Rb1 a5 14. b3 Qc7 15. d4 Na6 16. f4 Bg4 17. Qd2 Bxe2 18. Nxe2 d5 19. e5 Ne8 20. cxd5 cxd5 21. Rfc1 Qb6 22. Nc3 e6 23. a3 Nb8 24. b4 Bf8 25. bxa5 Qxa5 26. Rxb7 Qxa3 27. Rcb1 Rc8 28. R7b3 Qa5 29. Qe1 Nc6 30. Bf1 Nb4 31. R1b2 Ng7 32. Nb5 Nc2 33. Qxa5 Rxa5 34. Bd2 Ra4 35. Nd6 Bxd6 36. exd6 Nxd4 37. Rb8 Ra8 38. d7 Rcxb8 0-1